MARC

LEADER 00000nam0a2200000 4500
001 47915
005 20231031030726.0
010 |a 572450264X 
035 |a (RuTPU)RU\TPU\book\50105 
035 |a RU\TPU\book\50078 
090 |a 47915 
100 |a 20030227d1989 km y0rusy50 ca 
101 0 |a rus 
102 |a RU 
105 |a y g 001zy 
200 1 |a Вредные химические вещества  |a Неорганические соединения элементов V-VIII групп  |e Справочник  |g Под ред. В. А. Филова  |f А. Л. Бандман, Н. В. Волкова, Т. Д. Грехова и др.  |g Под ред. В. А. Филова 
210 |a Ленинград  |c Химия  |d 1989 
215 |a 592 с. 
320 |a Библиогр.: с. 584-587. 
320 |a Указ. вред. веществ: с. 588-592. 
610 1 |a вредные химические вещества 
610 1 |a неорганические соединения 
610 1 |a окружающая среда 
610 1 |a загрязнения 
610 1 |a справочники 
675 |a 614.7(035)  |v 3 
701 1 |a Бандман  |b А. Л.  |g Анатолий Львович 
701 1 |a Волкова  |b Н. В.  |g Нина Викторовна 
701 1 |a Грехова  |b Т. Д.  |g Тамара Дмитриевна 
701 1 |a Гудзовский  |b Г. А. 
701 1 |a Давыдова  |b В. И. 
702 1 |a Филов  |b В. А.  |g Владимир Александрович  |4 340 
801 1 |a RU  |b 63413507  |c 20011221  |g PSBO 
801 2 |a RU  |b 63413507  |c 20201119  |g PSBO 
942 |c BK